000 00626nam a2200217Ia 4500
001 4206
003 GE_BSU
008 181216s||||||||xx |||||||||||||| ||und||
040 _cGE_BSU
080 _a665.4(035)
100 _aКушниренко К.Ф.
245 _aКраткий справочник по горючему.
245 _b3-е изд. перераб. и доп.
245 _cред. Б.С. Жидков.
260 _aМосква
260 _bВоениздат
260 _c1979
300 _a381 с. 16 см.
653 _aКраткий справочник по горючему.
942 _cBK
999 _c38216
_d38216